[Event "4NCL 2009-10"]
[Site "Sunningdale ENG"]
[Date "2010.05.02"]
[Round "10"]
[White "Swanson,S"]
[Black "Milovanovic,A"]
[Result "1/2-1/2"]
[WhiteElo "2263"]
[BlackElo "2246"]
[EventDate "2009.10.24"]

1. g3 d5 2. Bg2 e5 3. d3 Nf6 4. Nf3 Bd6 5. O-O O-O 6. Nc3 c6 7. e4 dxe4 8.
dxe4 Qc7 9. b3 Na6 10. Bb2 Nc5 11. Nh4 g6 12. Qc1 Ne6 13. Ne2 Re8 14. c4
Bc5 15. h3 a5 16. Kh2 Nh5 17. Bf3 Nhg7 18. Bg4 Nd4 19. Nxd4 Bxg4 20. Ndf3
Bxf3 21. Nxf3 f6 22. Qc2 Ne6 23. Rad1 Rad8 24. Kg2 Qb6 25. Bc3 Nd4 26. Bxd4
Bxd4 27. Nxd4 exd4 28. c5 Qb5 29. Rd2 Re5 30. Rfd1 Qxc5 31. Qxc5 Rxc5 32.
Rxd4 Rxd4 33. Rxd4 b5 34. Rd7 Rc2 35. a4 b4 36. Ra7 Rc3 37. Rxa5 Rxb3 38.
Kf1 Rc3 39. Ra8+ Kg7 40. Rb8 c5 41. Ke2 Kf7 42. Rb6 Ke7 43. Kd2 Ra3 44. Rc6
Rc3 45. h4 Rc4 46. Kd3 Rc3+ 47. Kd2 Rc4 48. Kd3 Rc3+ 49. Kd2 Rc4 1/2-1/2

[Event "4NCL 2009-10"]
[Site "Sunningdale ENG"]
[Date "2010.05.02"]
[Round "10"]
[White "Savage,B"]
[Black "Posazhennikov,A"]
[Result "1/2-1/2"]
[WhiteElo "2296"]
[BlackElo "2252"]
[EventDate "2009.10.24"]

1. d4 f5 2. g3 Nf6 3. Bg2 e6 4. c4 d5 5. Nf3 c6 6. O-O Be7 7. Qc2 O-O 8.
Ne5 Nbd7 9. cxd5 exd5 10. Nd3 Ne4 11. f3 Nd6 12. Nc3 Qb6 13. e3 Nf6 14. b3
Nf7 15. Bd2 Bd7 16. Rae1 Rac8 17. Kh1 c5 18. dxc5 Bxc5 19. Nxc5 Qxc5 20.
Qd3 Rfd8 21. Qd4 Ng5 22. Qxc5 Rxc5 23. e4 Nxf3 24. Rxf3 dxe4 25. Rf2 Ng4
26. Rfe2 e3 27. Bxe3 Rxc3 28. Bd5+ Kh8 29. Bxa7 Nf6 30. Bxb7 Bc6+ 31. Bxc6
Rxc6 32. Re7 Kg8 33. R7e2 Ne4 34. Bg1 Rd3 35. Kg2 Kf7 36. Rb2 h5 37. b4 h4
38. gxh4 Rg6+ 39. Kh1 Rh3 40. Rb3 Rxh4 41. Rf1 Ng3+ 42. Rxg3 Rxg3 43. Rxf5+
Ke6 44. Rf2 Rgg4 45. b5 Rb4 46. b6 Rhg4 47. Rf1 Rb2 48. Ra1 Ra4 49. a3 g5
50. Re1+ Kf5 51. Bc5 Rh4 52. Bg1 Ra4 53. Rf1+ Kg4 54. Be3 Rb5 55. Rg1+ Kf3
56. Rg3+ Ke2 57. Rxg5 Rb1+ 58. Bg1 Rxa3 59. Rg2+ Kf1 60. Bc5 Rab3 61. Rg1+
Ke2 62. Rxb1 Rxb1+ 63. Kg2 Rb5 64. Bf2 Kd3 65. Kf3 Rf5+ 66. Kg2 Rb5 67. Kf3
Rf5+ 68. Kg2 Rb5 1/2-1/2

[Event "4NCL 2009-10"]
[Site "Sunningdale ENG"]
[Date "2010.05.02"]
[Round "10"]
[White "Dunn,An1"]
[Black "White,Mi"]
[Result "1/2-1/2"]
[WhiteElo "2220"]
[BlackElo "2227"]
[EventDate "2009.10.24"]

1. c4 Nf6 2. Nc3 g6 3. e4 d6 4. g3 Bg7 5. Bg2 O-O 6. Nge2 c5 7. d3 Nc6 8.
O-O Ne8 9. Be3 Nc7 10. d4 cxd4 11. Nxd4 Ne6 12. Nxc6 bxc6 13. Qd2 Ba6 14.
b3 Bb7 15. Rac1 c5 16. f4 Nd4 17. f5 e6 18. fxe6 fxe6 19. Rxf8+ Qxf8 20.
Rf1 Qe7 21. Ne2 Nc6 1/2-1/2

[Event "4NCL 2009-10"]
[Site "Sunningdale ENG"]
[Date "2010.05.02"]
[Round "10"]
[White "Eckersley Waites,T"]
[Black "Rosen,D"]
[Result "1-0"]
[WhiteElo "2247"]
[BlackElo "2145"]
[EventDate "2009.10.24"]

1. d4 f5 2. g3 Nf6 3. Bg2 e6 4. c4 Be7 5. Nf3 O-O 6. O-O d5 7. Qc2 c6 8.
Ne5 Bd7 9. Nd2 Na6 10. Ndf3 Be8 11. cxd5 Nxd5 12. e4 fxe4 13. Qxe4 Nf6 14.
Qe2 Nc7 15. Nd3 Nfd5 16. Nfe5 Nb4 17. Nxb4 Bxb4 18. Qg4 Qf6 19. Be4 Be7 20.
h4 h6 21. Qh3 Bd6 22. Bg5 Bxe5 23. Bxf6 Bxf6 24. Rad1 Rd8 25. Qg4 Bf7 26.
Bc2 h5 27. Qe4 g6 28. g4 Rd5 29. Qf4 Ne8 30. Be4 Rb5 31. a4 Rxb2 32. gxh5
1-0

[Event "4NCL 2009-10"]
[Site "Sunningdale ENG"]
[Date "2010.05.02"]
[Round "10"]
[White "Coleman,J"]
[Black "Goodger,M"]
[Result "0-1"]
[WhiteElo "2136"]
[BlackElo "2147"]
[EventDate "2009.10.24"]

1. e4 e5 2. Nf3 Nf6 3. Nc3 d6 4. Bc4 Be7 5. d3 O-O 6. h3 c6 7. O-O Nbd7 8.
Qe2 b5 9. Bb3 Nc5 10. Nh2 a5 11. a4 Nxb3 12. cxb3 b4 13. Nd1 d5 14. Ne3 Ba6
15. exd5 e4 16. Re1 Bxd3 17. Qd1 cxd5 18. Nf5 Bc5 19. Ng4 Nxg4 20. Qxg4 Qf6
21. Bh6 Bxf2+ 22. Kxf2 Qxf5+ 23. Qxf5 e3+ 24. Bxe3 Bxf5 25. Rac1 Rfc8 26.
Rxc8+ Rxc8 27. Rc1 Rxc1 28. Bxc1 Bc2 29. Be3 Bxb3 30. Bb6 Bxa4 31. Bxa5 b3
32. Ke3 Bb5 33. h4 f6 34. g3 Kf7 35. Bc3 Ke6 36. Kf4 h6 37. h5 Be2 38. g4
Bd1 39. Kg3 Be2 40. Kf4 Bd1 41. Kg3 Kd6 42. Bb4+ Ke6 43. Bc3 Bc2 44. Kf4
Bb1 45. Bd4 g6 46. hxg6 Bxg6 47. Be3 Kf7 48. Kf3 Be4+ 49. Kg3 Kg6 50. Kh4
f5 51. g5 d4 52. Bxd4 hxg5+ 53. Kg3 f4+ 54. Kg4 Bd3 55. Kf3 Kf5 56. Bb6 g4+
57. Kf2 g3+ 0-1

[Event "4NCL 2009-10"]
[Site "Sunningdale ENG"]
[Date "2010.05.02"]
[Round "10"]
[White "McEwan,K"]
[Black "Rawlinson,A"]
[Result "1/2-1/2"]
[WhiteElo "2142"]
[BlackElo "2207"]
[EventDate "2009.10.24"]

1. d4 d5 2. Bf4 Nf6 3. e3 c6 4. Nd2 Bg4 5. f3 Bf5 6. Nb3 e6 7. g4 Bg6 8. h4
h5 9. g5 Ng8 10. Bd3 Bxd3 11. Qxd3 Ne7 12. Ne2 Ng6 13. Bg3 Bd6 14. O-O-O
Bxg3 15. Nxg3 Qc7 16. f4 Ne7 17. Rhf1 g6 18. e4 dxe4 19. Qxe4 Nd7 20. Nd2
O-O-O 21. Nc4 Rhe8 22. Qf3 Nf5 23. Nxf5 exf5 24. d5 Re4 25. Nd2 Rd4 26.
dxc6 Qxc6 27. Qxc6+ bxc6 28. Nb3 Ra4 29. Rd6 Kc7 30. Rfd1 Rxf4 31. Na5 c5
32. Nc6 Re8 33. Rxd7+ Kxc6 34. R1d3 Kb5 35. Rb7+ Ka5 36. Rxa7+ Kb5 37. Rb7+
Ka5 38. b3 Re6 39. Ra7+ Kb4 40. a3+ Kb5 41. a4+ Kb4 42. Kb2 c4 43. Rd5 cxb3
44. Raa5 bxc2 45. Rab5+ Kxa4 46. Ra5+ 1/2-1/2

[Event "4NCL 2009-10"]
[Site "Sunningdale ENG"]
[Date "2010.05.02"]
[Round "10"]
[White "Cooper,J"]
[Black "Williams,Si1"]
[Result "1/2-1/2"]
[WhiteElo "2346"]
[BlackElo "2545"]
[EventDate "2009.10.24"]

1. Nf3 f5 2. g3 Nf6 3. Bg2 d6 4. d4 e6 5. O-O Be7 6. c4 O-O 7. b4 Ne4 8.
Bb2 a5 9. a3 axb4 10. axb4 Rxa1 11. Bxa1 Nd7 12. Qb3 Qe8 13. Nfd2 b5 14.
Nxe4 fxe4 15. Nc3 bxc4 16. Qxc4 d5 17. Qxc7 Bxb4 18. f3 exf3 19. exf3 Ba6
20. Re1 Qc8 21. Qxc8 Rxc8 22. Rxe6 Bd3 23. Re3 Bxc3 24. Bxc3 Rxc3 25. Bf1
Bxf1 26. Rxc3 Bc4 27. Ra3 h5 28. Ra7 Nf8 29. Kf2 Kh7 30. Ke3 Kg6 31. Rb7
Ne6 32. h4 Kf5 33. Rf7+ Kg6 34. Rb7 Kf6 35. g4 hxg4 36. fxg4 Bf1 37. Rd7
Bg2 38. Kf2 Be4 39. Ke3 Nf8 40. Rb7 Bc2 41. g5+ Kg6 42. Kf4 Kh5 43. Ke5 Be4
44. Rxg7 Ng6+ 45. Rxg6 Kxg6 46. Ke6 Kh5 47. Ke5 Bf3 48. Ke6 Kg6 49. Ke5
1/2-1/2

[Event "4NCL 2009-10"]
[Site "Sunningdale ENG"]
[Date "2010.05.02"]
[Round "10"]
[White "Cooley,C"]
[Black "Zeidler,S"]
[Result "0-1"]
[WhiteElo "2265"]
[BlackElo "2221"]
[EventDate "2009.10.24"]

1. e4 d5 2. e5 c5 3. f4 Nc6 4. Nf3 Bg4 5. h3 Bxf3 6. Qxf3 e6 7. d3 h5 8.
Be3 h4 9. Bf2 Nge7 10. c3 Nf5 11. Nd2 g6 12. Nb3 Qb6 13. Be2 a5 14. Rb1 a4
15. Nd2 Qa5 16. O-O Bh6 17. Rfd1 g5 18. d4 cxd4 19. Bd3 Ne3 20. Rdc1 gxf4
21. b4 Qd8 22. cxd4 Nxd4 23. Qh5 Bg7 24. Bh7 Nef5 25. Bxd4 Nxd4 26. Rf1 Qb6
27. Kh2 Nf5 0-1

[Event "4NCL 2009-10"]
[Site "Sunningdale ENG"]
[Date "2010.05.02"]
[Round "10"]
[White "Redmond,J"]
[Black "Dickenson,N"]
[Result "1/2-1/2"]
[WhiteElo "2196"]
[BlackElo "2319"]
[EventDate "2009.10.24"]

1. c4 g6 2. e4 c5 3. Nf3 Bg7 4. d4 d6 5. Be2 Bg4 6. d5 Nf6 7. Nc3 O-O 8.
Be3 Na6 9. O-O Nc7 10. Ng5 Bxe2 11. Qxe2 h6 12. Nh3 Qd7 13. f3 e5 14. Nf2
Nh5 15. Qd2 Kh7 16. Rab1 f5 17. exf5 gxf5 18. Nd3 b6 19. Kh1 Rg8 20. Qc2
Kh8 21. b4 cxb4 22. Nxb4 Bf8 23. Nc6 Qg7 24. f4 Nf6 25. Rb2 Ng4 26. Bg1 e4
27. Bd4 Nf6 28. Nd1 Qg6 29. Qc3 Nce8 30. Ne3 Kh7 31. a4 Ng4 32. Nxg4 Qxg4
33. a5 Bg7 34. Qa3 bxa5 35. Rb7 Qe2 36. Qc1 Kh8 37. Re1 Qg4 38. h3 Qg3 39.
Re2 Bxd4 40. Nxd4 Ng7 41. Qb2 Qxf4 42. Ne6 Qe5 43. Qxe5 dxe5 44. Nc7 Rad8
45. c5 Nh5 46. Ra2 e3 47. d6 e2 48. Rb1 Nf4 49. Ra4 Nxg2 50. Raa1 f4 51.
Ne6 Rd7 52. Nf8 Rf7 53. d7 Rfxf8 54. c6 e1=Q+ 55. Rxe1 Nxe1 56. Rxe1 f3 57.
c7 e4 58. Rc1 f2 59. c8=Q f1=Q+ 60. Rxf1 Rxc8 61. dxc8=Q Rxc8 62. Rf7 Rc3
63. Kg2 a4 64. Rxa7 a3 65. Ra4 e3 66. Kf3 Kg7 67. Ra6 h5 68. h4 Kf7 69. Ke2
Ke7 70. Ra5 Kd6 71. Rxh5 Kc6 72. Ra5 Kb6 73. Ra8 Kb5 74. h5 Kb4 75. h6 Rc7
76. Kxe3 Kb3 77. Kf4 1/2-1/2

[Event "4NCL 2009-10"]
[Site "Sunningdale ENG"]
[Date "2010.05.02"]
[Round "10"]
[White "Harakis,A"]
[Black "Morris,Ch"]
[Result "1-0"]
[WhiteElo "2263"]
[BlackElo "2189"]
[EventDate "2009.10.24"]

1. d4 d5 2. c4 e6 3. Nc3 c5 4. cxd5 exd5 5. Nf3 Nc6 6. g3 Nf6 7. Bg2 Be7 8.
O-O O-O 9. Bg5 cxd4 10. Nxd4 h6 11. Be3 Re8 12. Rc1 Bf8 13. Nxc6 bxc6 14.
Na4 Bd7 15. Nc5 Bf5 16. Bd4 Qd6 17. e3 Rac8 18. a3 Ng4 19. Qa4 Qg6 20. h3
Ne5 21. g4 Bd3 22. Nxd3 Nxd3 23. Rcd1 Ne5 24. Qa6 Bd6 25. f4 Nc4 26. b3 Nb6
27. Qxa7 c5 28. f5 Qg5 29. Qxb6 cxd4 30. Qxd6 dxe3 31. Rfe1 e2 32. Rd3 Rc1
33. Qg3 Rec8 34. h4 Rxe1+ 35. Qxe1 Qc1 36. Kf2 Qf4+ 37. Rf3 Qd4+ 38. Re3
Rc2 39. Bf3 Qf4 40. Rxe2 Rc1 41. Qd2 Qh2+ 42. Ke3 Qe5+ 43. Kd3 Qa1 44. Qb2
1-0

[Event "4NCL 2009-10"]
[Site "Sunningdale ENG"]
[Date "2010.05.02"]
[Round "10"]
[White "James,Dav"]
[Black "Mack,A"]
[Result "1/2-1/2"]
[WhiteElo "2110"]
[BlackElo "2237"]
[EventDate "2009.10.24"]

1. Nf3 Nf6 2. c4 g6 3. Nc3 Bg7 4. e4 d6 5. d4 O-O 6. Be2 Na6 7. O-O e5 8.
Be3 Ng4 9. Bg5 Qe8 10. dxe5 h6 11. Bc1 dxe5 12. h3 Nf6 13. Be3 Qe7 14. a3
c6 15. Qc2 Nh5 16. Rfd1 Nf4 17. Bf1 Qf6 18. Nh2 Nc7 19. Ne2 Nce6 20. c5
Nxe2+ 21. Qxe2 Nf4 1/2-1/2

[Event "4NCL 2009-10"]
[Site "Sunningdale ENG"]
[Date "2010.05.02"]
[Round "10"]
[White "Roberts,Dan"]
[Black "Howell,Ch"]
[Result "1/2-1/2"]
[WhiteElo "2067"]
[BlackElo "2077"]
[EventDate "2009.10.24"]

1. e4 c5 2. Nf3 Nc6 3. d4 cxd4 4. Nxd4 Nf6 5. Nc3 e5 6. Ndb5 d6 7. Nd5 Nxd5
8. exd5 Ne7 9. c3 Nf5 10. a4 Be7 11. Bd3 O-O 12. O-O a6 13. Na3 Bd7 14. Nc2
g6 15. a5 Rc8 16. c4 e4 17. Bxe4 Rxc4 18. Bxf5 Bxf5 19. Ne3 Rb4 20. Nxf5
gxf5 21. Ra4 Rxa4 22. Qxa4 Bf6 23. Re1 Be5 24. f4 Qh4 25. g3 Qg4 26. Qd1
Bf6 27. Qb3 Bd4+ 28. Kg2 Rc8 29. Bd2 Rc5 30. Be3 Qg7 31. Bxd4 Qxd4 32. Rd1
Qe4+ 33. Kh3 Rc2 34. Qd3 Qg2+ 35. Kh4 Qxh2+ 36. Kg5 Rg2 37. Kxf5 Rxg3 38.
Rh1 Qg2 39. Qe4 Qxe4+ 40. Kxe4 Rb3 41. Rh6 Rxb2 42. Rxd6 Rb5 43. Rd8+ Kg7
44. Re8 Rxa5 45. d6 f5+ 46. Kd4 Ra1 47. Re7+ Kf6 48. Rxb7 Ke6 49. Rxh7 Rd1+
50. Kc5 Rd5+ 51. Kc4 Rxd6 52. Rh6+ Kd7 53. Rh7+ Ke6 54. Rh6+ Ke7 55. Rh7+
Ke8 56. Ra7 Rc6+ 57. Kd5 Rb6 1/2-1/2

[Event "4NCL 2009-10"]
[Site "Sunningdale ENG"]
[Date "2010.05.02"]
[Round "10"]
[White "Wilson,A"]
[Black "Wilson,Ju"]
[Result "0-1"]
[WhiteElo "2083"]
[BlackElo "1890"]
[EventDate "2009.10.24"]

1. e4 e6 2. d4 d5 3. Nc3 Nf6 4. e5 Nfd7 5. Nce2 c5 6. c3 Nc6 7. f4 Be7 8.
Nf3 cxd4 9. cxd4 Nb6 10. Nc3 Bd7 11. Bd3 Nb4 12. Bb1 Rc8 13. a3 Nc6 14. Ng5
g6 15. h4 Nc4 16. h5 Bxg5 17. fxg5 Ne7 18. O-O Bc6 19. Qf3 Rf8 20. b3 Nb6
21. g4 Nd7 22. Ne2 Qb6 23. Kh1 Bb5 24. Bd3 Bxd3 25. Qxd3 Qc7 26. Ra2 Nc6
27. Rc2 Qb6 28. b4 a6 29. Be3 Ke7 30. Rfc1 Qa7 31. b5 axb5 32. Qxb5 Qa8 33.
Rc3 Qb8 34. Bf4 Qa7 35. Qd3 Nb6 36. Rc5 Nc4 37. R5xc4 dxc4 38. Rxc4 Rfd8
39. Qc3 Qb8 40. a4 Ke8 41. hxg6 hxg6 42. Bc1 Na7 43. Ba3 Rxc4 44. Qxc4 Nc6
45. Qc5 Kd7 46. Nc3 Qa7 47. Qd6+ Kc8 48. Nb5 Qxa4 49. Qc5 Rh8+ 0-1

[Event "4NCL 2009-10"]
[Site "Sunningdale ENG"]
[Date "2010.05.03"]
[Round "11"]
[White "Turner,Ma"]
[Black "Hammer,J"]
[Result "0-1"]
[WhiteElo "2508"]
[BlackElo "2585"]
[EventDate "2009.10.24"]

1. e4 e5 2. Nf3 Nc6 3. Bb5 a6 4. Bxc6 dxc6 5. O-O Bg4 6. h3 Bh5 7. g4 Bg6
8. Nxe5 Qh4 9. Qf3 f6 10. Nxg6 hxg6 11. Kg2 g5 12. Nc3 Ne7 13. e5 Ng6 14.
d4 O-O-O 15. Ne2 Qh7 16. Kh2 Nh4 17. Qd3 Qxd3 18. cxd3 fxe5 19. dxe5 Rxd3
20. Be3 Rd5 21. e6 Rh6 22. Nc3 Re5 23. Kh1 c5 24. Bxg5 Rxg5 25. f4 Rgg6 26.
f5 Nxf5 27. Rxf5 Bd6 28. Kg2 Rxe6 29. Raf1 b5 30. b3 Kb7 31. R1f2 Kc6 32.
Ne2 Re3 33. Ng1 Rg3+ 34. Kf1 Rc3 35. Rg5 c4 36. bxc4 Bc5 37. cxb5+ axb5 38.
Ne2 Rcxh3 39. Rff5 Rh1+ 40. Kg2 R6h2+ 41. Kg3 Rh3+ 42. Kg2 R3h2+ 43. Kg3
Bd6+ 44. Kf3 Rf1+ 45. Ke3 Re1 46. Rf2 Rh3+ 47. Rf3 Rh2 48. Rf2 Bf4+ 49.
Rxf4 Rexe2+ 50. Kd3 Rxa2 51. Rb4 Ra5 52. Rxg7 Ra3+ 53. Kd4 Kb6 54. Rg6+ c6
55. Rb1 Ra4+ 56. Ke5 Re2+ 57. Kf5 Rf2+ 58. Ke5 Rff4 59. g5 Rae4+ 60. Kd6
Rf5 61. Rd1 Rg4 62. Kd7 Rc5 63. Rg8 Rcxg5 64. Rb8+ Kc5 65. Rc1+ Rc4 66. Re1
Rg7+ 67. Ke6 Rg3 68. Re5+ Kb4 69. Kd6 Rg6+ 70. Kc7 Rh4 71. Rc8 c5 72. Kb7
c4 73. Rc6 Rxc6 74. Kxc6 Rh6+ 75. Kd5 c3 0-1

[Event "4NCL 2009-10"]
[Site "Sunningdale ENG"]
[Date "2010.05.03"]
[Round "11"]
[White "McShane,L"]
[Black "Parker,J"]
[Result "1/2-1/2"]
[WhiteElo "2615"]
[BlackElo "2523"]
[EventDate "2009.10.24"]

1. e4 g6 2. d4 Bg7 3. Nc3 d6 4. g3 Nf6 5. Bg2 O-O 6. Nge2 e5 7. h3 Nc6 8.
Be3 Bd7 9. O-O a6 10. a4 Rb8 11. Qd2 exd4 12. Nxd4 Ne5 13. Qe2 c5 14. Nf3
Nxf3+ 15. Qxf3 Bc6 16. Rad1 Qe7 17. Bf4 Rbd8 18. Qd3 Nh5 19. Bc1 Nf6 20.
Rfe1 Rfe8 21. Bf4 Qe6 22. b3 Nd7 23. Nd5 Ne5 24. Qd2 Bxd5 25. Qxd5 Qxd5 26.
Rxd5 Kf8 27. Red1 Ke7 28. Bf1 h6 29. c3 g5 30. Be3 Nc6 31. Rc1 a5 32. f3
Rg8 33. Kf2 Bf6 34. Be2 b6 35. Ke1 h5 36. Kd2 h4 37. Rg1 hxg3 38. Rxg3 Ne5
39. Kc2 Rh8 40. Rd1 Rh7 41. Rdg1 Rdh8 42. Bf1 Rh5 43. Bd2 Kd8 44. Kd1 Kc7
45. Ke2 Ng6 46. Bxg5 Bxc3 47. Be3 d5 48. Rg5 dxe4 49. fxe4 Bd4 50. Rxh5
Rxh5 51. Rg5 Rh4 52. Bxd4 cxd4 53. Kd3 Nf4+ 54. Kc4 Ne6 55. Rf5 Kd6 56. e5+
Ke7 57. Rf3 d3+ 58. Kc3 1/2-1/2

[Event "4NCL 2009-10"]
[Site "Sunningdale ENG"]
[Date "2010.05.03"]
[Round "11"]
[White "D'Costa,L"]
[Black "Gordon,S"]
[Result "1/2-1/2"]
[WhiteElo "2479"]
[BlackElo "2535"]
[EventDate "2009.10.24"]

1. Nf3 d5 2. d4 Nf6 3. c4 c6 4. e3 Bg4 5. Nc3 e6 6. Qb3 Qb6 7. Nh4 Bh5 8.
h3 Na6 9. g4 Bg6 10. Nxg6 hxg6 11. g5 Nd7 12. Bd2 Qxb3 13. axb3 Nc7 14. f4
f5 15. Be2 1/2-1/2

[Event "4NCL 2009-10"]
[Site "Sunningdale ENG"]
[Date "2010.05.03"]
[Round "11"]
[White "Berczes,D"]
[Black "Ferguson,M"]
[Result "1-0"]
[WhiteElo "2521"]
[BlackElo "2410"]
[EventDate "2009.10.24"]

1. d4 d5 2. c4 c6 3. Nc3 dxc4 4. e4 b5 5. a4 b4 6. Na2 Nf6 7. e5 Nd5 8.
Bxc4 e6 9. Nf3 Ba6 10. b3 Bb7 11. Ng5 h6 12. Qh5 g6 13. Qh3 Be7 14. Ne4 Nb6
15. Bb2 Nd5 16. Nc1 a5 17. Nd3 Nd7 18. Ndc5 Bxc5 19. dxc5 Kf8 20. O-O Qe7
21. Bd4 Ba6 22. f4 Bxc4 23. bxc4 Nc3 24. Bxc3 bxc3 25. Qe3 Rb8 26. Rfc1 Rb3
27. Rc2 Kg7 28. Rxc3 Rb4 29. Qd4 Nb8 30. Rg3 Rd8 31. Nd6 Kh7 32. Rh3 Na6
33. Qe3 Qf8 34. Ne4 Rxc4 35. f5 Rxe4 36. fxg6+ fxg6 37. Qxe4 Qxc5+ 38. Kh1
Qd5 39. Qe3 h5 40. Qa7+ 1-0

[Event "4NCL 2009-10"]
[Site "Sunningdale ENG"]
[Date "2010.05.03"]
[Round "11"]
[White "Howell,D"]
[Black "McNab,C"]
[Result "1-0"]
[WhiteElo "2613"]
[BlackElo "2466"]
[EventDate "2009.10.24"]

1. e4 c5 2. Nf3 e6 3. c3 Nf6 4. e5 Nd5 5. d4 cxd4 6. cxd4 d6 7. Bc4 Nb6 8.
Bb3 dxe5 9. Nxe5 Nc6 10. Nf3 Be7 11. Nc3 Bf6 12. Be3 Nd5 13. O-O Nxc3 14.
bxc3 O-O 15. Nd2 Ne7 16. Ne4 Nd5 17. c4 Nxe3 18. Nxf6+ Qxf6 19. fxe3 Qh6
20. Qf3 Rb8 21. e4 b6 22. Qg3 Ba6 23. Rf4 Rbc8 24. Raf1 e5 25. dxe5 Bxc4
26. Bxc4 Rxc4 27. h3 Rc5 28. Rf6 Qd2 29. e6 Qd4+ 30. Kh1 Qe5 31. Rxf7 Rxf7
32. exf7+ Kf8 33. Qh4 Rc8 34. Qxh7 Ke7 35. Qh4+ g5 36. Qh6 Rf8 37. Qc6 g4
38. Qb7+ Ke6 39. Qc6+ Ke7 40. Rf5 Qa1+ 41. Kh2 1-0

[Event "4NCL 2009-10"]
[Site "Sunningdale ENG"]
[Date "2010.05.03"]
[Round "11"]
[White "Wells,P"]
[Black "Emms,J"]
[Result "1/2-1/2"]
[WhiteElo "2489"]
[BlackElo "2484"]
[EventDate "2009.10.24"]

1. d4 Nf6 2. c4 e6 3. Nf3 b6 4. g3 Bb4+ 5. Bd2 Bxd2+ 6. Qxd2 Ba6 7. b3 c6
8. Bg2 d5 9. O-O O-O 10. Rc1 Nbd7 11. Qb2 Qe7 12. cxd5 cxd5 13. Nc3 Rac8
14. a4 Qb4 15. Na2 Qe7 16. Nc3 Qb4 17. Na2 Qe7 18. Nc3 1/2-1/2

[Event "4NCL 2009-10"]
[Site "Sunningdale ENG"]
[Date "2010.05.03"]
[Round "11"]
[White "Flear,G"]
[Black "Buckley,Si"]
[Result "1-0"]
[WhiteElo "2497"]
[BlackElo "2348"]
[EventDate "2009.10.24"]

1. d4 d5 2. c4 e6 3. Nc3 Nf6 4. cxd5 exd5 5. Bg5 Be7 6. e3 O-O 7. Bd3 Re8
8. Qc2 Nbd7 9. Nf3 c6 10. h3 Nf8 11. Bf4 Bd6 12. Bxd6 Qxd6 13. O-O-O b6 14.
Kb1 a5 15. e4 Qd8 16. Ne5 Bb7 17. exd5 cxd5 18. Rhe1 Ne6 19. Bb5 Rf8 20.
Qe2 Qd6 21. Qe3 Ba6 22. a3 Rfc8 23. Bxa6 Rxa6 24. Nb5 Qe7 25. Rc1 Raa8 26.
f3 Qf8 27. Rc6 Rxc6 28. Nxc6 Re8 29. Qc3 Nf4 30. Re5 Nxg2 31. Nc7 Rxe5 32.
dxe5 Nd7 33. Nxd5 Nh4 34. Qd4 Ng6 35. f4 Qc5 36. Qxc5 Nxc5 37. Kc2 Nd7 38.
Kd3 Kf8 39. Kc4 h5 40. Kb5 Ke8 41. Nd4 Nc5 42. Kxb6 Nd3 43. Kxa5 Ngxf4 44.
Nxf4 Nxf4 45. b4 g5 46. b5 Kd7 47. b6 Nd3 48. Ka6 Nxe5 49. Nf3 Nc6 50. Nxg5
f5 51. Nf3 f4 52. Kb5 Nb8 53. a4 Kc8 54. a5 Kb7 1-0

[Event "4NCL 2009-10"]
[Site "Sunningdale ENG"]
[Date "2010.05.03"]
[Round "11"]
[White "Townsend,M"]
[Black "Hebden,M"]
[Result "0-1"]
[WhiteElo "2222"]
[BlackElo "2503"]
[EventDate "2009.10.24"]

1. d4 Nf6 2. c4 g6 3. Nc3 Bg7 4. e4 d6 5. f4 O-O 6. Nf3 c5 7. d5 e6 8. dxe6
fxe6 9. Bd3 Nc6 10. O-O a6 11. Ng5 Qe7 12. Qe1 Nh5 13. g4 Bd4+ 14. Kh1 Nf6
15. Qh4 Rb8 16. Bd2 b5 17. cxb5 Nb4 18. Bb1 axb5 19. Nf3 Nc6 20. Nxd4 Nxd4
21. g5 Nh5 22. Be3 Bb7 23. Bd3 Nf5 24. Qf2 b4 25. Ne2 e5 26. Bc4+ Kg7 27.
Bd5 Bxd5 28. exd5 Rbe8 29. Ng3 Nhxg3+ 30. hxg3 Qb7 31. Rad1 Nxe3 32. Qxe3
exf4 33. Qd3 Re3 34. Qd2 Qe7 35. gxf4 Qe4+ 36. Qg2 Rxf4 37. Qxe4 Rfxe4 38.
Rf6 Rg3 0-1

[Event "4NCL 2009-10"]
[Site "Sunningdale ENG"]
[Date "2010.05.03"]
[Round "11"]
[White "Hunt,H"]
[Black "Gayson,P"]
[Result "1/2-1/2"]
[WhiteElo "2452"]
[BlackElo "2240"]
[EventDate "2009.10.24"]

1. e4 c5 2. Nf3 e6 3. d4 cxd4 4. Nxd4 Nf6 5. Nc3 Nc6 6. Ndb5 Bb4 7. a3
Bxc3+ 8. Nxc3 d5 9. exd5 exd5 10. Bd3 O-O 11. O-O d4 12. Ne2 Bg4 13. f3 Bh5
14. b4 Nd5 15. Qd2 Ne3 16. Rf2 Re8 17. Bb2 Bg6 18. Bxg6 hxg6 19. Nxd4 Nc4
20. Qc3 Nxb2 21. Nxc6 Qb6 22. Qxb2 Qxc6 23. Rd1 Rad8 24. Rxd8 Rxd8 25. g3
Rd1+ 26. Kg2 Qd5 27. Qc3 Qe6 28. a4 a6 29. a5 Kh7 30. g4 f5 31. h3 f4 32.
Rf1 Qe2+ 33. Rf2 Qe7 34. Rf1 Qe2+ 35. Rf2 Qe7 36. Rf1 Qe2+ 1/2-1/2

[Event "4NCL 2009-10"]
[Site "Sunningdale ENG"]
[Date "2010.05.03"]
[Round "11"]
[White "Adams,D"]
[Black "Ward,C"]
[Result "0-1"]
[WhiteElo "2217"]
[BlackElo "2431"]
[EventDate "2009.10.24"]

1. e4 c5 2. Nf3 g6 3. c3 Bg7 4. d4 cxd4 5. cxd4 d5 6. exd5 Nf6 7. Nc3 Nxd5
8. Qb3 Nb6 9. Be3 O-O 10. Rd1 Bg4 11. Be2 Nc6 12. d5 Ne5 13. Nxe5 Bxe2 14.
Nxe2 Bxe5 15. O-O Qd6 16. f4 Bg7 17. Nc3 Bxc3 18. bxc3 Rfc8 19. Rd4 Rc5 20.
Rfd1 Rac8 21. R4d3 Rc4 22. g3 Re4 23. Kf2 Rc7 24. Bd4 Nc4 25. Qb5 Qd7 26.
Qxd7 Rxd7 27. Kf3 f5 28. g4 Rxd5 29. gxf5 gxf5 30. Rg1+ Kf7 31. Rg7+ Ke8
32. Rxh7 e5 33. Rc7 Rxf4+ 34. Ke2 Re4+ 35. Kf2 Rf4+ 36. Ke2 exd4 37. Rxc4
Re5+ 38. Kd1 Rf1+ 39. Kc2 Re2+ 40. Kb3 Rb1+ 41. Ka3 dxc3 42. Rcxc3 Re6 43.
Rb3 Rxb3+ 44. Kxb3 Ke7 45. h3 Re4 46. Kc3 Ke6 47. Kd2 Ra4 48. a3 b5 49. Ke3
a6 50. Kf3 Kf6 51. Kg3 Kg5 52. Kf3 Rc4 53. Kg2 Kf4 54. Rf3+ Ke4 55. Kg3 Rc8
56. Rf4+ Ke5 57. Rf3 Rg8+ 58. Kf2 f4 59. h4 Rg3 60. Rxg3 fxg3+ 61. Kxg3 a5
0-1

[Event "4NCL 2009-10"]
[Site "Sunningdale ENG"]
[Date "2010.05.03"]
[Round "11"]
[White "Grafl,F"]
[Black "Fidalgo Fernandez,L"]
[Result "1-0"]
[WhiteElo "2426"]
[BlackElo "2115"]
[EventDate "2009.10.24"]

1. e4 c5 2. b4 cxb4 3. a3 bxa3 4. Nxa3 d6 5. d4 Nf6 6. Bd3 g6 7. Ne2 Bg7 8.
O-O O-O 9. c4 e5 10. d5 Na6 11. f3 Nc5 12. Be3 b6 13. Nb5 a6 14. Nc1 Rb8
15. Nc3 Ne8 16. N1a2 f5 17. Nb4 Bb7 18. Nc6 Bxc6 19. dxc6 Qc8 20. Nd5 Kh8
21. Bxc5 bxc5 22. Qa4 Nc7 23. Qa5 Ne6 24. Qxa6 Nd4 25. c7 Rb7 26. Rfb1 Rxc7
27. Nxc7 Qxc7 28. Rb7 Qd8 29. Kh1 Qh4 30. Qxd6 Qf2 31. Rb8 1-0

[Event "4NCL 2009-10"]
[Site "Sunningdale ENG"]
[Date "2010.05.03"]
[Round "11"]
[White "Conquest,S"]
[Black "Pinter,G"]
[Result "1/2-1/2"]
[WhiteElo "2563"]
[BlackElo "2349"]
[EventDate "2009.10.24"]

1. e4 c5 2. Nf3 e6 3. d4 cxd4 4. Nxd4 d6 5. c4 Nf6 6. Nc3 a6 7. Be2 b6 8.
Bf3 Ra7 9. Be3 Be7 10. Qa4+ Nfd7 11. O-O O-O 12. Rfd1 Rc7 13. Rac1 Bb7 14.
Be2 Qc8 15. Qc2 Nc6 16. Nxc6 Rxc6 17. Qd2 Rd8 18. f3 Qb8 19. Kh1 Ba8 20.
Qe1 Rdc8 21. Bd4 Ne5 22. b3 Nd7 23. Bf1 Bf8 24. a4 Rd8 25. Qf2 Nc5 26. Qb2
Nd7 27. Be3 Be7 28. Qf2 Ne5 29. Na2 a5 30. Nc3 Nd7 31. Rb1 Rcc8 32. Nb5 Bc6
33. Nd4 Qc7 34. Bd3 Nc5 35. Bc2 Bf6 36. Rd2 Bxd4 37. Bxd4 e5 38. Be3 Re8
39. Rbd1 Re6 40. Qh4 g6 41. Bg5 Rce8 42. Rf1 Nd7 43. Qg3 f6 44. Bh6 Kh8 45.
h4 Nc5 46. Qh3 Qe7 47. Be3 Kg7 48. Rb1 Qc7 49. Kg1 R6e7 50. Qg3 Rd8 51. Qe1
Be8 52. Rdd1 Ra8 53. Qd2 Re6 54. Bh6+ Kg8 55. Kh1 Bc6 56. Qe3 Qf7 57. g4
Kh8 58. Rd2 Rg8 59. Rbd1 Qe7 60. g5 f5 61. exf5 gxf5 62. Rh2 Rxh6 63. gxh6
Rg3 64. Rf1 f4 65. Qc3 Ne6 66. Bd1 Nd4 67. Rg1 Qf6 68. Rxg3 fxg3 69. Rd2
Qxh4+ 70. Kg1 1/2-1/2

[Event "4NCL 2009-10"]
[Site "Sunningdale ENG"]
[Date "2010.05.03"]
[Round "11"]
[White "Berzinsh,R"]
[Black "Dearing,E"]
[Result "0-1"]
[WhiteElo "2424"]
[BlackElo "2406"]
[EventDate "2009.10.24"]

1. e4 c5 2. Nf3 e6 3. c3 d5 4. exd5 exd5 5. Bb5+ Nc6 6. O-O Bd6 7. d4 Nge7
8. dxc5 Bxc5 9. Nbd2 Bb6 10. Nb3 Bg4 11. Bg5 f6 12. Bf4 O-O 13. Be2 Be6 14.
Nfd4 Bf7 15. Bg4 Ng6 16. Bg3 Re8 17. Re1 Nge5 18. Bf5 g6 19. Bc2 Qd7 20.
Qd2 Nc4 21. Qf4 Rxe1+ 22. Rxe1 Re8 23. Rb1 Nxb2 24. h4 Na4 25. Nb5 d4 26.
cxd4 a6 27. Nd6 Nc3 28. Nxe8 Qxe8 29. Kh2 Nxb1 30. Bxb1 Qd8 31. Nc5 Qxd4
32. Qxd4 Nxd4 33. Nxb7 Ne2 34. Bd3 Nxg3 35. Kxg3 a5 36. a3 Bd5 37. Ba6 Kf8
0-1